Estados Unidos y la democracia mexicana en el siglo XX: Historia de una preocupación pasajera e irrelevante
Salvato in:
| Autore principale: | |
|---|---|
| Natura: | testo |
| Pubblicazione: |
s.l.:
s.e.
|
| Tags: |
Aggiungi Tag
Nessun Tag, puoi essere il primo ad aggiungerne!!
|
MARC
| LEADER | 00000 a a2200000 04500 | ||
|---|---|---|---|
| 001 | 23815 | ||
| 003 | |||
| 040 | |||
| 090 | |a 168600 | ||
| 100 | |a Meyer, Lorenzo | ||
| 245 | |a Estados Unidos y la democracia mexicana en el siglo XX: Historia de una preocupación pasajera e irrelevante | ||
| 260 | |a s.l.: |b s.e. | ||
| 300 | |a 26 p. | ||
| 999 | |c 7860 |d 7860 | ||
